<?xml version="1.0" encoding="UTF-8"?>
<record
    xmlns:xsi="http://www.w3.org/2001/XMLSchema-instance"
    xsi:schemaLocation="http://www.loc.gov/MARC21/slim http://www.loc.gov/standards/marcxml/schema/MARC21slim.xsd"
    xmlns="http://www.loc.gov/MARC21/slim">

  <leader>01012nam a22001817a 4500</leader>
  <controlfield tag="005">20240604170305.0</controlfield>
  <datafield tag="010" ind1=" " ind2=" ">
    <subfield code="a">HIN-127323</subfield>
  </datafield>
  <datafield tag="020" ind1=" " ind2=" ">
    <subfield code="a">9789355001313</subfield>
    <subfield code="c">699.00</subfield>
  </datafield>
  <datafield tag="035" ind1=" " ind2=" ">
    <subfield code="a">HN-99669</subfield>
  </datafield>
  <datafield tag="037" ind1=" " ind2=" ">
    <subfield code="b">DBAD</subfield>
  </datafield>
  <datafield tag="082" ind1=" " ind2=" ">
    <subfield code="a">&#x909;</subfield>
  </datafield>
  <datafield tag="100" ind1=" " ind2=" ">
    <subfield code="a">&#x915;&#x94C;&#x932;, &#x915;&#x94D;&#x937;&#x92E;&#x93E;</subfield>
    <subfield code="9">67369</subfield>
  </datafield>
  <datafield tag="245" ind1=" " ind2=" ">
    <subfield code="a">&#x909;&#x928; &#x926;&#x93F;&#x928;&#x94B;&#x902; &#x915;&#x936;&#x94D;&#x92E;&#x940;&#x930;/</subfield>
    <subfield code="c">&#x915;&#x94D;&#x937;&#x92E;&#x93E; &#x915;&#x94C;&#x932;</subfield>
  </datafield>
  <datafield tag="260" ind1=" " ind2=" ">
    <subfield code="a">&#x92E;&#x939;&#x93E;&#x930;&#x93E;&#x937;&#x94D;&#x91F;&#x94D;&#x930; ,&#x926;&#x93F;&#x932;&#x94D;&#x932;&#x940;</subfield>
    <subfield code="b">&#x92A;&#x94D;&#x930;&#x932;&#x947;&#x915; &#x92A;&#x94D;&#x930;&#x915;&#x93E;&#x936;&#x928; &#x92A;&#x94D;&#x930;&#x93E;. &#x932;&#x93F;.</subfield>
    <subfield code="c">2022</subfield>
  </datafield>
  <datafield tag="270" ind1=" " ind2=" ">
    <subfield code="a">&#x92E;&#x941;&#x916;&#x94D;&#x92F; &#x915;&#x93E;&#x930;&#x94D;&#x92F;&#x93E;&#x932;&#x92F;: 702, &#x91C;&#x947;-50, &#x917;&#x94D;&#x932;&#x94B;&#x92C;&#x932; &#x938;&#x93F;&#x91F;&#x940;, &#x935;&#x93F;&#x930;&#x93E;&#x930; (&#x935;&#x947;&#x938;&#x94D;&#x91F;), &#x92E;&#x941;&#x92E;&#x94D;&#x92C;&#x908;, &#x92E;&#x939;&#x93E;&#x930;&#x93E;&#x937;&#x94D;&#x91F;&#x94D;&#x930;-401303 </subfield>
    <subfield code="a">&#x926;&#x93F;&#x932;&#x94D;&#x932;&#x940; &#x915;&#x93E;&#x930;&#x94D;&#x92F;&#x93E;&#x932;&#x92F; : &#x90F;-107 &#x91C;&#x948;&#x924;&#x92A;&#x941;&#x930; &#x90F;&#x915;&#x94D;&#x938;., &#x92A;&#x93E;&#x930;&#x94D;&#x91F;-1, &#x92C;&#x926;&#x930;&#x92A;&#x941;&#x930;, &#x928;&#x908; &#x926;&#x93F;&#x932;&#x94D;&#x932;&#x940;-110044</subfield>
    <subfield code="k">7021263557</subfield>
    <subfield code="m">pralek.prakashan@gmail.com</subfield>
  </datafield>
  <datafield tag="300" ind1=" " ind2=" ">
    <subfield code="a">316&#x92A;&#x943;.</subfield>
    <subfield code="c">22 &#x938;&#x947;&#x92E;&#x940; (&#x938;&#x91C;&#x93F;&#x932;&#x94D;&#x926;) </subfield>
  </datafield>
  <datafield tag="942" ind1=" " ind2=" ">
    <subfield code="2">ddc</subfield>
    <subfield code="c">HN</subfield>
    <subfield code="h">&#x909;</subfield>
    <subfield code="m">&#x915;&#x94C;&#x932;&#x915;&#x94D;&#x937;</subfield>
  </datafield>
  <datafield tag="999" ind1=" " ind2=" ">
    <subfield code="c">202105</subfield>
    <subfield code="d">202105</subfield>
  </datafield>
  <datafield tag="952" ind1=" " ind2=" ">
    <subfield code="0">0</subfield>
    <subfield code="1">0</subfield>
    <subfield code="4">0</subfield>
    <subfield code="7">0</subfield>
    <subfield code="8">FIC</subfield>
    <subfield code="a">AV</subfield>
    <subfield code="b">AV</subfield>
    <subfield code="d">2024-04-10</subfield>
    <subfield code="e">DBAD</subfield>
    <subfield code="g">699.00</subfield>
    <subfield code="l">0</subfield>
    <subfield code="o">&#x909; &#x915;&#x94C;&#x932;&#x915;&#x94D;&#x937;</subfield>
    <subfield code="p">HN-99669</subfield>
    <subfield code="r">2024-04-10 00:00:00</subfield>
    <subfield code="t">1</subfield>
    <subfield code="v">699.00</subfield>
    <subfield code="w">2024-04-10</subfield>
    <subfield code="y">HN</subfield>
  </datafield>
</record>
